Grammar connection 3 : (Record no. 18276)
[ view plain ]
| 000 -LEADER | |
|---|---|
| fixed length control field | 01524nam a22004095a 4500 |
| 003 - CONTROL NUMBER IDENTIFIER | |
| control field | EG-ScBUE |
| 005 - DATE AND TIME OF LATEST TRANSACTION | |
| control field | 20220517100325.0 |
| 006 - FIXED-LENGTH DATA ELEMENTS--ADDITIONAL MATERIAL CHARACTERISTICS--GENERAL INFORMATION | |
| fixed length control field | m||||f ||z 00| 0 |
| 008 - FIXED-LENGTH DATA ELEMENTS--GENERAL INFORMATION | |
| fixed length control field | 140508t2008 maua f b 001 0 eng d |
| 020 ## - INTERNATIONAL STANDARD BOOK NUMBER | |
| International Standard Book Number | 9781424002191 |
| 020 ## - INTERNATIONAL STANDARD BOOK NUMBER | |
| International Standard Book Number | 1424002192 |
| 040 ## - CATALOGING SOURCE | |
| Original cataloging agency | EG-ScBUE |
| Language of cataloging | eng |
| Description conventions | rda |
| Transcribing agency | EG-ScBUE |
| Modifying agency | EG-ScBUE |
| 082 04 - DEWEY DECIMAL CLASSIFICATION NUMBER | |
| Classification number | 425 |
| Item number | CAR |
| Edition number | 22 |
| 100 1# - MAIN ENTRY--PERSONAL NAME | |
| Personal name | Carlisi, Karen, |
| Relator term | author. |
| 9 (RLIN) | 14467 |
| 245 10 - TITLE STATEMENT | |
| Title | Grammar connection 3 : |
| Remainder of title | structure through content / |
| Statement of responsibility, etc | Karen Carlisi, Jill Ortman. |
| 250 ## - EDITION STATEMENT | |
| Edition statement | Annotated teacher’s edition. |
| 264 #1 - PUBLICATION, DISTRIBUTION, ETC. (IMPRINT) | |
| Place of publication, distribution, etc | Boston : |
| Name of publisher, distributor, etc | Thomson Heinle, |
| Date of publication, distribution, etc | [2008] |
| 264 #4 - PUBLICATION, DISTRIBUTION, ETC. (IMPRINT) | |
| Date of publication, distribution, etc | c2008 |
| 300 ## - PHYSICAL DESCRIPTION | |
| Extent | xviii, 354 pages : |
| Other physical details | color illustrations ; |
| Dimensions | 28 cm + |
| Accompanying material | 1 CD. |
| 336 ## - CONTENT TYPE | |
| Source | rdacontent |
| Content type term | text |
| Content type code | txt |
| 336 ## - CONTENT TYPE | |
| Source | rdacontent |
| Content type term | spoken word |
| Content type code | spw |
| 337 ## - MEDIA TYPE | |
| Source | rdamedia |
| Media type term | unmediated |
| Media type code | n |
| 337 ## - MEDIA TYPE | |
| Source | rdamedia |
| Media type term | audio |
| Media type code | s |
| 338 ## - CARRIER TYPE | |
| Source | rdacarrier |
| Carrier type term | volume |
| Carrier type code | nc |
| 338 ## - CARRIER TYPE | |
| Source | rdacarrier |
| Carrier type term | audio disc |
| Carrier type code | sd |
| 490 0# - SERIES STATEMENT | |
| Series statement | Grammar connection series |
| 504 ## - BIBLIOGRAPHY, ETC. NOTE | |
| Bibliography, etc | Includes bibliographical references and index.<br/> |
| 650 #7 - SUBJECT ADDED ENTRY--TOPICAL TERM | |
| Topical term or geographic name as entry element | English language |
| Form subdivision | Textbooks for foreign speakers. |
| Source of heading or term | BUEsh |
| 9 (RLIN) | 43 |
| 650 #7 - SUBJECT ADDED ENTRY--TOPICAL TERM | |
| Topical term or geographic name as entry element | English language |
| General subdivision | Grammar |
| Form subdivision | Problems, exercises, etc. |
| Source of heading or term | BUEsh |
| 9 (RLIN) | 13890 |
| 650 #7 - SUBJECT ADDED ENTRY--TOPICAL TERM | |
| Topical term or geographic name as entry element | English language |
| General subdivision | Spoken English |
| Form subdivision | Problems, exercises, etc. |
| Source of heading or term | BUEsh |
| 9 (RLIN) | 10347 |
| 650 #7 - SUBJECT ADDED ENTRY--TOPICAL TERM | |
| Topical term or geographic name as entry element | English language |
| General subdivision | Business English |
| Form subdivision | Problems, exercises, etc. |
| Source of heading or term | BUEsh |
| 9 (RLIN) | 23274 |
| 651 ## - SUBJECT ADDED ENTRY--GEOGRAPHIC NAME | |
| Source of heading or term | BUEsh |
| 653 ## - INDEX TERM--UNCONTROLLED | |
| Arrived date list | August2015 |
| Resource For college | Humanities: English |
| 655 ## - INDEX TERM--GENRE/FORM | |
| Form subdivision | Reading book |
| 9 (RLIN) | 34232 |
| 700 1# - ADDED ENTRY--PERSONAL NAME | |
| Personal name | Ortman, Jill, |
| Relator term | author. |
| 9 (RLIN) | 1440 |
| 942 ## - ADDED ENTRY ELEMENTS (KOHA) | |
| Source of classification or shelving scheme | Dewey Decimal Classification |
| Koha item type | Book - Teacher Resource |
| Withdrawn status | Lost status | Source of classification or shelving scheme | Damaged status | Not for loan | Home library | Current library | Shelving location | Date acquired | Source of acquisition | Cost, normal purchase price | Total Checkouts | Full call number | Barcode | Date last seen | Cost, replacement price | Koha item type | Total Renewals | Date checked out | Collection code | Serial Enumeration / chronology |
|---|---|---|---|---|---|---|---|---|---|---|---|---|---|---|---|---|---|---|---|---|
| Dewey Decimal Classification | Central Library | Central Library | Second Floor | 03/12/2008 | Purchase | 150.00 | 425 CAR TR | 000013874 | 15/07/2025 | 187.50 | Book - Teacher Resource | |||||||||
| Dewey Decimal Classification | Central Library | Central Library | Second Floor | 03/12/2008 | Purchase | 150.00 | 425 CAR TR | 000013873 | 15/07/2025 | 187.50 | Book - Teacher Resource | |||||||||
| Dewey Decimal Classification | Central Library | Central Library | Second Floor | 03/12/2008 | Purchase | 150.00 | 425 CAR TR | 000013872 | 15/07/2025 | 187.50 | Book - Teacher Resource | |||||||||
| Dewey Decimal Classification | Central Library | Central Library | Second Floor | 03/12/2008 | Purchase | 150.00 | 2 | 425 CAR TR | 000013871 | 15/07/2025 | 187.50 | Book - Teacher Resource | 2 | 01/04/2012 | ||||||
| Dewey Decimal Classification | Central Library | Central Library | Second Floor | 14/12/2008 | Purchase | 150.00 | 425 CAR TR | 000015001 | 24/08/2022 | 187.50 | CD | DVD - With Teacher Resource | |||||||||
| Dewey Decimal Classification | Central Library | Central Library | Second Floor | 14/12/2008 | Purchase | 150.00 | 425 CAR TR | 000015002 | 24/08/2022 | 187.50 | CD | DVD - With Teacher Resource | |||||||||
| Dewey Decimal Classification | Central Library | Central Library | Second Floor | 14/12/2008 | Purchase | 150.00 | 425 CAR TR | 000015003 | 24/08/2022 | 187.50 | CD | DVD - With Teacher Resource | |||||||||
| Dewey Decimal Classification | Central Library | Central Library | Second Floor | 14/12/2008 | Purchase | 150.00 | 425 CAR TR | 000015007 | 24/08/2022 | 187.50 | CD | DVD - With Teacher Resource | |||||||||
| Dewey Decimal Classification | Central Library | Central Library | Second Floor | 08/05/2014 | Purchase | 270.00 | 425 CAR TR | 000035971 | 15/07/2025 | 337.50 | Book - Teacher Resource | ILB | 4033 | |||||||
| Dewey Decimal Classification | Central Library | Central Library | Second Floor | 08/05/2014 | Purchase | 270.00 | 425 CAR TR | 000035972 | 24/08/2022 | 337.50 | CD | DVD - With Teacher Resource | ILB | 4033 |